000 00863nam a22002657a 4500
005 20111128154153.0
008 111128t xxu||||| |||| 00| 0 eng d
010 _aENG-104220
020 _a9788120344334
_c350.00
035 _aEN-87753
037 _bDBAD/PUB
040 _aDPL
_bEng
082 _a621.46
100 _936190
_aSarkar, B.N.
245 _aFundamentals of industrial drives /
_cby B.N. Sarkar
260 _aNew Delhi
_bPHI Learning
_c2012
270 _aM-97, Connaught Circus
_bNew Delhi
_e110001
300 _axii,371p. :
_c24cm (pbk)
_bill.
500 _aIncludes index
650 _936206
700 _936195
710 _936196
942 _2ddc
_cEN
_mSAR
_h621.46
999 _c58760
_d58760